Bodhasaar (Record no. 351655)
[ view plain ]
| 000 -LEADER | |
|---|---|
| fixed length control field | 003140000a22001450004500 |
| 005 - DATE AND TIME OF LATEST TRANSACTION | |
| control field | 20120302060615.0 |
| 040 ## - CATALOGING SOURCE | |
| Original cataloging agency | SAN |
| 100 ## - MAIN ENTRY--PERSONAL NAME | |
| Personal name | Narhari |
| 245 ## - TITLE STATEMENT | |
| Title | Bodhasaar |
| 260 ## - PUBLICATION, DISTRIBUTION, ETC. (IMPRINT) | |
| Place of publication, distribution, etc | Banaras:Braj Bi Daas,1904. |
| 300 ## - PHYSICAL DESCRIPTION | |
| Extent | 97-192p. |
| 650 ## - SUBJECT ADDED ENTRY--TOPICAL TERM | |
| Topical term or geographic name as entry element | Tatvadnyaan |
| 650 ## - SUBJECT ADDED ENTRY--TOPICAL TERM | |
| Topical term or geographic name as entry element | Yogadikshaa Chintamani |
| 942 ## - ADDED ENTRY ELEMENTS (KOHA) | |
| Koha item type | Book |
| Withdrawn status | Lost status | Damaged status | Not for loan | Home library | Current library | Date acquired | Total Checkouts | Barcode | Date last seen | Price effective from |
|---|---|---|---|---|---|---|---|---|---|---|
| Institute For Oriental Study, Thane | Institute For Oriental Study, Thane | 12/02/2009 | IOS-15492 | 12/02/2009 | 12/02/2009 |